| 000 -LEADER |
| fixed length control field |
00796cam a22002298i 4500 |
| 001 - CONTROL NUMBER |
| control field |
20657607 |
| 005 - DATE AND TIME OF LATEST TRANSACTION |
| control field |
20221108133505.0 |
| 008 - FIXED-LENGTH DATA ELEMENTS--GENERAL INFORMATION |
| fixed length control field |
180905s2019 nyu b 001 0 eng |
| 020 ## - INTERNATIONAL STANDARD BOOK NUMBER |
| International Standard Book Number |
9781138642607x |
| 041 ## - LANGUAGE CODE |
| Language code of text/sound track or separate title |
eng |
| 080 ## - UNIVERSAL DECIMAL CLASSIFICATION NUMBER |
| Universal Decimal Classification number |
745+372.87 S-99 |
| 100 1# - MAIN ENTRY--PERSONAL NAME |
| Personal name |
Szekely, George E. |
| 9 (RLIN) |
10699 |
| 245 10 - TITLE STATEMENT |
| Title |
Art rooms as centers for design education : |
| Remainder of title |
creativity and innovation in K-12 classrooms / |
| Statement of responsibility, etc. |
George Szekely. |
| 264 #1 - PRODUCTION, PUBLICATION, DISTRIBUTION, MANUFACTURE, AND COPYRIGHT NOTICE |
| Place of production, publication, distribution, manufacture |
New York : |
| Name of producer, publisher, distributor, manufacturer |
Routledge, |
| Date of production, publication, distribution, manufacture, or copyright notice |
2019. |
| 300 ## - PHYSICAL DESCRIPTION |
| Extent |
174 pages : |
| Other physical details |
ill., |
| Dimensions |
23 cm. |
| 504 ## - BIBLIOGRAPHY, ETC. NOTE |
| Bibliography, etc. note |
bibliographical p. 160-163 |
| 653 ## - INDEX TERM--UNCONTROLLED |
| keyword |
დიზაინი |
| 653 ## - INDEX TERM--UNCONTROLLED |
| keyword |
ხელოვნება |
| 653 ## - INDEX TERM--UNCONTROLLED |
| keyword |
საკლასო გარემოს დიზაინი |
| 653 ## - INDEX TERM--UNCONTROLLED |
| keyword |
სწავლა და სწავლება |
| 942 ## - ADDED ENTRY ELEMENTS (KOHA) |
| Source of classification or shelving scheme |
|
| Koha item type |
წიგნი |